[Event "La Pobla de Lillet op"]
[Site "La Pobla de Lillet ESP"]
[Date "2019.08.06"]
[Round "5.4"]
[White "Aballanet Beltran, E."]
[Black "Solsona Manonelles, J."]
[Result "1/2-1/2"]
[WhiteElo "1475"]
[BlackElo "1470"]
[PlyCount "93"]
[EventDate "2019.08.02"]
[EventType "swiss"]
[EventRounds "9"]
[EventCountry "ESP"]
[SourceTitle "Ajedrez en Madrid"]
[Source "lmi"]
[SourceDate "2020.06.24"]
[SourceVersion "1"]
[SourceVersionDate "2020.06.24"]
[SourceQuality "1"]

1. e4 e6 2. Nc3 d5 3. d4 c5 4. e5 cxd4 5. Qxd4 Nc6 6. Bb5 Bd7 7. Bxc6 Bxc6 8.
f4 Ne7 9. Qd3 Nf5 10. Nf3 Qb6 11. b3 Bc5 12. Na4 Bxa4 13. bxa4 Qb4+ 14. c3 Qxa4
15. Rb1 Qc6 16. Nd4 Nxd4 17. cxd4 Bb6 18. Ba3 Rc8 19. Kd2 Ba5+ 20. Bb4 Bxb4+
21. Rxb4 O-O 22. Rhb1 b6 23. R4b3 Rc7 24. Qc3 Qxc3+ 25. Rxc3 Rxc3 26. Kxc3 Rc8+
27. Kd3 Rc6 28. Rb3 Kf8 29. Ra3 a5 30. Rb3 Ke7 31. a4 Kd7 32. g4 Kc7 33. f5 Rc4
34. Ra3 Kb7 35. h4 h6 36. Ra2 Rc1 37. fxe6 fxe6 38. Rf2 Rc7 39. g5 hxg5 40.
hxg5 b5 41. Rb2 b4 42. Rf2 Rc3+ 43. Kd2 Ra3 44. Rf7+ Kc6 45. Rxg7 Rxa4 46. Kd3
Ra3+ 47. Kd2 1/2-1/2

[Event "La Pobla de Lillet op"]
[Site "La Pobla de Lillet ESP"]
[Date "2019.08.06"]
[Round "5.4"]
[White "Touzane, O."]
[Black "Simon Padros, E."]
[Result "1/2-1/2"]
[WhiteElo "2268"]
[BlackElo "2110"]
[PlyCount "116"]
[EventDate "2019.08.02"]
[EventType "swiss"]
[EventRounds "9"]
[EventCountry "ESP"]
[SourceTitle "Ajedrez en Madrid"]
[Source "lmi"]
[SourceDate "2020.06.24"]
[SourceVersion "1"]
[SourceVersionDate "2020.06.24"]
[SourceQuality "1"]

1. Nf3 g6 2. g3 Bg7 3. Bg2 Nf6 4. O-O O-O 5. d4 d6 6. a4 Nbd7 7. a5 a6 8. Nc3
e5 9. e4 Re8 10. Re1 exd4 11. Nxd4 Nc5 12. h3 Ne6 13. Nde2 Nc5 14. Nf4 Bd7 15.
Ra3 Bc6 16. Nfd5 Bxd5 17. Nxd5 Nxd5 18. exd5 Qf6 19. b4 Nd7 20. Rae3 Rxe3 21.
Rxe3 Qa1 22. Qe1 Bh6 23. f4 Bg7 24. Bd2 Qxe1+ 25. Rxe1 Kf8 26. Kf1 Re8 27.
Rxe8+ Kxe8 28. Ke2 Bd4 29. Be1 f5 30. c3 Bg1 31. g4 Kf7 32. g5 b6 33. axb6 cxb6
34. c4 Ke7 35. h4 Bd4 36. h5 Kd8 37. Kd3 Ba1 38. Bf3 Bb2 39. Bd2 Ba1 40. h6 Bb2
41. Bd1 b5 42. Be3 Kc7 43. c5 Ba1 44. Bc2 Bb2 45. Bb3 Ba1 46. Bd1 Bb2 47. Kc2
Ba1 48. Kb3 Bh8 49. Bf3 Ba1 50. Kc2 Bh8 51. Kd3 Bb2 52. Be2 Ba1 53. Bd4 Bxd4
54. Kxd4 Nf8 55. cxd6+ Kxd6 56. Bd3 Nd7 57. Bb1 Nf8 58. Bc2 Nd7 1/2-1/2

[Event "La Pobla de Lillet op"]
[Site "La Pobla de Lillet ESP"]
[Date "2019.08.06"]
[Round "5.5"]
[White "Bosch Ricart, J."]
[Black "Pla Carulla, J."]
[Result "0-1"]
[WhiteElo "1572"]
[BlackElo "1796"]
[PlyCount "88"]
[EventDate "2019.08.02"]
[EventType "swiss"]
[EventRounds "9"]
[EventCountry "ESP"]
[SourceTitle "Ajedrez en Madrid"]
[Source "lmi"]
[SourceDate "2020.06.24"]
[SourceVersion "1"]
[SourceVersionDate "2020.06.24"]
[SourceQuality "1"]

1. e4 g6 2. d4 Bg7 3. Nf3 d6 4. Be2 Nf6 5. Nc3 O-O 6. O-O a6 7. h3 Nfd7 8. Be3
b5 9. a3 Bb7 10. Qd2 Re8 11. Rad1 Nc6 12. Nh2 e5 13. d5 Nd4 14. Ng4 Qe7 15. Bh6
f6 16. Bd3 Red8 17. Bxg7 Qxg7 18. Nh6+ Kh8 19. Ne2 Nxe2+ 20. Bxe2 Nc5 21. Bf3
Bc8 22. b4 Na4 23. Qe3 Nb2 24. Rde1 Nc4 25. Qc1 Nxa3 26. Be2 Nc4 27. Bxc4 bxc4
28. c3 g5 29. Ng4 Bxg4 30. hxg4 Qd7 31. Qd1 a5 32. bxa5 Rxa5 33. Qe2 Ra4 34.
Rb1 Rda8 35. Rfd1 Qc8 36. f3 Qa6 37. Rb4 Ra2 38. Qxc4 Qa7+ 39. Kh1 Qf2 40. Qf1
Qh4+ 41. Kg1 Rc2 42. Qe1 Raa2 43. Qxh4 Rxg2+ 44. Kh1 gxh4 0-1

[Event "La Pobla de Lillet op"]
[Site "La Pobla de Lillet ESP"]
[Date "2019.08.06"]
[Round "5.5"]
[White "Perez Garcia, A."]
[Black "Cervello Tost, R."]
[Result "1/2-1/2"]
[WhiteElo "2196"]
[BlackElo "2041"]
[PlyCount "169"]
[EventDate "2019.08.02"]
[EventType "swiss"]
[EventRounds "9"]
[EventCountry "ESP"]
[SourceTitle "Ajedrez en Madrid"]
[Source "lmi"]
[SourceDate "2020.06.24"]
[SourceVersion "1"]
[SourceVersionDate "2020.06.24"]
[SourceQuality "1"]

1. d4 d5 2. c4 e6 3. Nc3 Nf6 4. Bg5 Nbd7 5. e3 c6 6. cxd5 exd5 7. Bd3 Be7 8.
Nf3 O-O 9. Qc2 Re8 10. O-O Nf8 11. Rab1 h6 12. Bh4 Ne4 13. Bxe7 Qxe7 14. b4
Nxc3 15. Qxc3 Be6 16. b5 cxb5 17. Rxb5 Rec8 18. Qb3 Rc7 19. Ne5 Rac8 20. Be2 b6
21. Qb1 Nd7 22. Nxd7 Qxd7 23. Bf3 Bf5 24. Qb3 Rc1 25. Rxd5 Rxf1+ 26. Kxf1 Rc1+
27. Ke2 Qc8 28. Rxf5 Qxf5 29. e4 Qa5 30. Kd3 Qe1 31. Qb2 b5 32. d5 b4 33. d6
Qc3+ 34. Qxc3 Rxc3+ 35. Kd4 Kf8 36. Bd1 Ke8 37. e5 a5 38. f4 Ra3 39. Bb3 a4 40.
Bc4 b3 41. axb3 axb3 42. Kc3 Ra2 43. f5 Ra5 44. e6 Rxf5 45. exf7+ Kd7 46. Bxb3
Kxd6 47. Kd4 g5 48. Ke4 Rf4+ 49. Ke3 Ke7 50. Ke2 h5 51. Ke3 Rf6 52. h3 Rf4 53.
Bd1 h4 54. Bb3 Rf1 55. Ke2 Rb1 56. Bc4 Rb4 57. Bd5 Rd4 58. Bb3 Rf4 59. Bd5 Kd6
60. Bb3 Kc5 61. Ke3 Kb4 62. Bd5 Kc3 63. Ba2 Kc2 64. Ke2 Re4+ 65. Kf3 Rf4+ 66.
Ke2 Kc3 67. Ke3 Kb4 68. Bd5 Kc5 69. Ba2 Kd6 70. Bb3 Ke7 71. Bd5 Kf8 72. Ba2 Kg7
73. Bd5 Kg6 74. Ba2 Kh5 75. Bb3 Rf6 76. Bd1+ Kg6 77. Bb3 g4 78. hxg4 Kg5 79.
Ke4 Kxg4 80. Ke5 Kg5 81. Bd5 Kg6 82. Ke4 Kg7 83. Ke3 Rf1 84. Ke2 Rf5 85. Bc4
1/2-1/2

[Event "La Pobla de Lillet op"]
[Site "La Pobla de Lillet ESP"]
[Date "2019.08.06"]
[Round "5.6"]
[White "Casamitjana Nuñez, A."]
[Black "Rossell Aran, J."]
[Result "0-1"]
[WhiteElo "1788"]
[BlackElo "1456"]
[PlyCount "98"]
[EventDate "2019.08.02"]
[EventType "swiss"]
[EventRounds "9"]
[EventCountry "ESP"]
[SourceTitle "Ajedrez en Madrid"]
[Source "lmi"]
[SourceDate "2020.06.24"]
[SourceVersion "1"]
[SourceVersionDate "2020.06.24"]
[SourceQuality "1"]

1. e4 g6 2. d4 Bg7 3. Nf3 d6 4. Nc3 Nf6 5. Bg5 O-O 6. Qd2 Re8 7. O-O-O a5 8.
Be2 c6 9. h4 b5 10. Bxf6 exf6 11. h5 b4 12. Nb1 Rxe4 13. hxg6 fxg6 14. Bd3 Re7
15. Rh4 Ba6 16. Rdh1 Bf8 17. Bxg6 hxg6 18. Rh8+ Kf7 19. R1h7+ Ke6 20. Qe3+ Kd7
21. Rxe7+ Qxe7 22. Qf4 Bg7 23. Rh7 Kd8 24. b3 Nd7 25. Nbd2 Nf8 26. Rh1 Kc7 27.
Re1 Qd7 28. Ne4 Re8 29. Nc5 Rxe1+ 30. Nxe1 Qc8 31. Nf3 Ne6 32. Nxa6+ Qxa6 33.
Qe4 Qc8 34. Qxg6 Kb6 35. Qg4 Qg8 36. Nd2 d5 37. c4 Qf7 38. Nf3 f5 39. Qg3 Nxd4
40. Qb8+ Qb7 41. Qd8+ Qc7 42. Qa8 Qf4+ 43. Kd1 Nxf3 44. c5+ Kc7 45. Qxa5+ Kd7
46. gxf3 Qxf3+ 47. Ke1 Bc3+ 48. Kf1 Qh1+ 49. Ke2 Qe1+ 0-1

[Event "La Pobla de Lillet op"]
[Site "La Pobla de Lillet ESP"]
[Date "2019.08.06"]
[Round "5.6"]
[White "Viñals Rioja, J."]
[Black "Pastor Alonso de Prado, A."]
[Result "1/2-1/2"]
[WhiteElo "2051"]
[BlackElo "2032"]
[PlyCount "112"]
[EventDate "2019.08.02"]
[EventType "swiss"]
[EventRounds "9"]
[EventCountry "ESP"]
[SourceTitle "Ajedrez en Madrid"]
[Source "lmi"]
[SourceDate "2020.06.24"]
[SourceVersion "1"]
[SourceVersionDate "2020.06.24"]
[SourceQuality "1"]

1. Nf3 d5 2. g3 Nf6 3. Bg2 e6 4. d3 b6 5. c3 Be7 6. Nbd2 O-O 7. O-O Bb7 8. Qc2
c5 9. e4 Nc6 10. Re1 b5 11. Nf1 d4 12. e5 Nd5 13. h4 dxc3 14. bxc3 Qa5 15. Bd2
Rfd8 16. a3 Nb6 17. Bg5 Qa4 18. Qe2 Nd5 19. c4 Nb6 20. Bxe7 Nxe7 21. Ng5 Bxg2
22. Qh5 h6 23. Qxf7+ Kh8 24. Nxe6 Rg8 25. Kxg2 bxc4 26. Qxe7 Qc6+ 27. Kg1 Rae8
28. Qd6 Rxe6 29. Qxc6 Rxc6 30. dxc4 Nxc4 31. f4 Re8 32. Rec1 Nb6 33. Ne3 g5 34.
hxg5 hxg5 35. Kf2 Kg7 36. Kf3 Rd8 37. Rd1 Rxd1 38. Rxd1 gxf4 39. gxf4 c4 40.
Ke4 Rc5 41. f5 c3 42. Nc2 a5 43. Rb1 Nd7 44. Rb7 Rxe5+ 45. Kd3 Re7 46. Kxc3 Kf6
47. Nd4 Re3+ 48. Kd2 Rd3+ 49. Kxd3 Nc5+ 50. Kc4 Nxb7 51. Kd5 a4 52. Ke4 Nd6+
53. Kf4 Nc4 54. Nb5 Nb6 55. Nd6 Nd5+ 56. Ke4 Nc3+ 1/2-1/2

[Event "La Pobla de Lillet op"]
[Site "La Pobla de Lillet ESP"]
[Date "2019.08.06"]
[Round "5.7"]
[White "Codina Calvo, D."]
[Black "Tejero Royo, F."]
[Result "1/2-1/2"]
[WhiteElo "1863"]
[BlackElo "1944"]
[PlyCount "92"]
[EventDate "2019.08.02"]
[EventType "swiss"]
[EventRounds "9"]
[EventCountry "ESP"]
[SourceTitle "Ajedrez en Madrid"]
[Source "lmi"]
[SourceDate "2020.06.24"]
[SourceVersion "1"]
[SourceVersionDate "2020.06.24"]
[SourceQuality "1"]

1. e4 e5 2. Nf3 Nc6 3. d4 exd4 4. Bc4 Nf6 5. Ng5 d5 6. exd5 Nxd5 7. O-O Be7 8.
Nxf7 Kxf7 9. Qf3+ Bf6 10. Bxd5+ Be6 11. Bxe6+ Kxe6 12. Re1+ Kf7 13. Qb3+ Kf8
14. Qxb7 Ne7 15. Nd2 Qd5 16. Qa6 Nc6 17. a3 Kf7 18. Qc4 Rhd8 19. Qxd5+ Rxd5 20.
Ne4 Ne5 21. Bf4 c5 22. Nxf6 gxf6 23. Bxe5 fxe5 24. Re4 c4 25. f4 Rb8 26. fxe5
d3 27. cxd3 cxd3 28. b4 Rc8 29. Rd1 Ke6 30. Re3 Rc3 31. Kf2 Rxa3 32. Kf3 Rb3
33. Re4 Rxe5 34. Rxe5+ Kxe5 35. Ke3 Rxb4 36. Rxd3 Rb2 37. Kf3 Rb7 38. g4 a5 39.
Ra3 Ra7 40. Ke3 a4 41. h4 Ra6 42. h5 h6 43. Kf3 Rf6+ 44. Kg3 Rf4 45. Rc3 Rd4
46. Rf3 Ke6 1/2-1/2

[Event "La Pobla de Lillet op"]
[Site "La Pobla de Lillet ESP"]
[Date "2019.08.06"]
[Round "5.7"]
[White "Taltavull Hidalgo, A."]
[Black "Vegara Gallego, P."]
[Result "1-0"]
[WhiteElo "1648"]
[BlackElo "1638"]
[PlyCount "69"]
[EventDate "2019.08.02"]
[EventType "swiss"]
[EventRounds "9"]
[EventCountry "ESP"]
[SourceTitle "Ajedrez en Madrid"]
[Source "lmi"]
[SourceDate "2020.06.24"]
[SourceVersion "1"]
[SourceVersionDate "2020.06.24"]
[SourceQuality "1"]

1. e4 e5 2. Nf3 Nc6 3. Bb5 d6 4. d4 exd4 5. Nxd4 Bd7 6. Bxc6 bxc6 7. O-O Be7 8.
Nc3 Nf6 9. b3 O-O 10. Bb2 c5 11. Nde2 Bc6 12. f3 Rb8 13. Qe1 Qd7 14. Rd1 Qc8
15. Nf4 Re8 16. Qg3 Bf8 17. Ncd5 Nxd5 18. exd5 Bd7 19. Nh5 Re5 20. Bxe5 dxe5
21. Qxe5 f6 22. Qg3 Kh8 23. Rfe1 Be8 24. Nxg7 Bxg7 25. Re7 Bg6 26. Rxc7 Qd8 27.
Rxc5 Bf8 28. Rc6 Be8 29. Rxf6 Bg7 30. Rd6 Qc8 31. Qf2 a5 32. Re6 Bf7 33. Re3
Bh6 34. d6 Qc6 35. Re7 1-0

[Event "La Pobla de Lillet op"]
[Site "La Pobla de Lillet ESP"]
[Date "2019.08.06"]
[Round "5.8"]
[White "Fabre Massana, M."]
[Black "Picañol Alamany, A."]
[Result "0-1"]
[WhiteElo "1983"]
[BlackElo "2253"]
[PlyCount "60"]
[EventDate "2019.08.02"]
[EventType "swiss"]
[EventRounds "9"]
[EventCountry "ESP"]
[SourceTitle "Ajedrez en Madrid"]
[Source "lmi"]
[SourceDate "2020.06.24"]
[SourceVersion "1"]
[SourceVersionDate "2020.06.24"]
[SourceQuality "1"]

1. e4 e6 2. d4 d5 3. Nc3 Nf6 4. exd5 exd5 5. Nf3 Bb4 6. Bd3 O-O 7. O-O h6 8. h3
Nc6 9. Bf4 Bd6 10. Qd2 Bxf4 11. Qxf4 Nb4 12. Bf5 g5 13. Nxg5 Nh5 14. Bh7+ Kg7
15. Qe5+ Qf6 16. a3 Qxe5 17. dxe5 Nc6 18. Nxd5 hxg5 19. Bd3 Nxe5 20. Nxc7 Rb8
21. Rad1 Nxd3 22. Rxd3 Nf4 23. Rb3 Bf5 24. Rb5 Kg6 25. Rc5 Rbc8 26. Re1 b6 27.
Rc3 f6 28. Re7 Rf7 29. Rxf7 Kxf7 30. Kf1 Rd8 0-1

[Event "La Pobla de Lillet op"]
[Site "La Pobla de Lillet ESP"]
[Date "2019.08.06"]
[Round "5.8"]
[White "Vidal Moll, F."]
[Black "Jucla Esteve, FX."]
[Result "0-1"]
[WhiteElo "1500"]
[BlackElo "1647"]
[PlyCount "136"]
[EventDate "2019.08.02"]
[EventType "swiss"]
[EventRounds "9"]
[EventCountry "ESP"]
[SourceTitle "Ajedrez en Madrid"]
[Source "lmi"]
[SourceDate "2020.06.24"]
[SourceVersion "1"]
[SourceVersionDate "2020.06.24"]
[SourceQuality "1"]

1. d4 Nf6 2. e3 g6 3. Bd3 Bg7 4. f4 O-O 5. Nf3 d5 6. O-O Nbd7 7. Nbd2 c5 8. c3
cxd4 9. exd4 Nb6 10. Ne5 Nfd7 11. Qe1 f6 12. Nef3 Re8 13. Qg3 e5 14. fxe5 fxe5
15. Bc2 e4 16. Ng5 Nf8 17. Nb3 Bf5 18. Be3 Nc4 19. Rab1 Nxe3 20. Qxe3 Bh6 21.
h4 Qe7 22. Qg3 Bxg5 23. hxg5 Ne6 24. Rbe1 Ng7 25. Nc1 Rf8 26. Ne2 Bd7 27. Bb3
Rxf1+ 28. Rxf1 Be6 29. Qe5 Qd7 30. Nf4 Rd8 31. Nxe6 Qxe6 32. Qc7 Qd7 33. Qe5
Nf5 34. Rf4 Qd6 35. Qxd6 Rxd6 36. Kf2 Kg7 37. g4 Ne7 38. Ke3 Nc6 39. c4 Na5 40.
cxd5 Nxb3 41. axb3 Rxd5 42. Rxe4 Rxg5 43. Kf4 Rb5 44. Re3 Kf6 45. Rd3 Rd5 46.
Rd2 a5 47. Rd3 Ke6 48. g5 b6 49. Kg4 Rd7 50. Kf4 Kd5 51. Rd2 Re7 52. Kf3 Re4
53. Rh2 Kxd4 54. Rxh7 Re3+ 55. Kg4 Rxb3 56. Rd7+ Ke5 57. Rg7 Rxb2 58. Rxg6 a4
59. Rc6 a3 60. Rc1 a2 61. Ra1 b5 62. Kh5 Rh2+ 63. Kg6 b4 64. Kf7 Rf2+ 65. Kg8
b3 66. g6 Rg2 67. Re1+ Kd4 68. Ra1 b2 0-1

[Event "La Pobla de Lillet op"]
[Site "La Pobla de Lillet ESP"]
[Date "2019.08.06"]
[Round "5.9"]
[White "Blasco Cusido, F."]
[Black "Garcia Escoda, M."]
[Result "1/2-1/2"]
[WhiteElo "1928"]
[BlackElo "2067"]
[PlyCount "33"]
[EventDate "2019.08.02"]
[EventType "swiss"]
[EventRounds "9"]
[EventCountry "ESP"]
[SourceTitle "Ajedrez en Madrid"]
[Source "lmi"]
[SourceDate "2020.06.24"]
[SourceVersion "1"]
[SourceVersionDate "2020.06.24"]
[SourceQuality "1"]

1. d4 Nf6 2. Nf3 g6 3. g3 Bg7 4. Bg2 O-O 5. O-O d6 6. c3 Nbd7 7. Qb3 e5 8. Bg5
h6 9. Bxf6 Bxf6 10. Nbd2 exd4 11. Nxd4 Re8 12. e3 Nb6 13. Rac1 c6 14. Qa3 Bf5
15. b4 Qd7 16. Qb3 d5 17. a4 1/2-1/2

[Event "La Pobla de Lillet op"]
[Site "La Pobla de Lillet ESP"]
[Date "2019.08.06"]
[Round "5.9"]
[White "Serralvo Martinez, J."]
[Black "Franch Bessa, J."]
[Result "0-1"]
[WhiteElo "1458"]
[BlackElo "1590"]
[PlyCount "98"]
[EventDate "2019.08.02"]
[EventType "swiss"]
[EventRounds "9"]
[EventCountry "ESP"]
[SourceTitle "Ajedrez en Madrid"]
[Source "lmi"]
[SourceDate "2020.06.24"]
[SourceVersion "1"]
[SourceVersionDate "2020.06.24"]
[SourceQuality "1"]

1. d4 d5 2. c4 e6 3. Nc3 Nf6 4. Nf3 Be7 5. e3 O-O 6. Bd3 dxc4 7. Bxc4 Nbd7 8.
Bd3 c5 9. O-O a6 10. a4 Qc7 11. dxc5 Nxc5 12. Bb1 b6 13. Qc2 Bb7 14. Ng5 g6 15.
b4 Ng4 16. f4 Bxg5 17. h3 Bf6 18. bxc5 Qxc5 19. hxg4 Qxc3 20. Qxc3 Bxc3 21. Ra3
Rac8 22. Rb3 Ba5 23. Bb2 Bd5 24. Ra3 Bb4 25. Ra1 Bc3 26. Bxc3 Rxc3 27. e4 Bc4
28. Rd1 b5 29. axb5 Bxb5 30. f5 Bc4 31. Ba2 Be2 32. Rd6 Bxg4 33. fxe6 fxe6 34.
Bxe6+ Bxe6 35. Rxe6 Ra8 36. Rexa6 Rxa6 37. Rxa6 Kg7 38. Kf2 h5 39. e5 g5 40. e6
Kf6 41. Ra5 Rc7 42. Kg3 Re7 43. Ra6 Rxe6 44. Rxe6+ Kxe6 45. Kf3 Kf5 46. g3 Ke5
47. Ke3 Kd5 48. Kf3 Kd4 49. g4 h4 0-1

[Event "La Pobla de Lillet op"]
[Site "La Pobla de Lillet ESP"]
[Date "2019.08.05"]
[Round "5.10"]
[White "Molina Mañas, M."]
[Black "Salo Sorribes, JM."]
[Result "1/2-1/2"]
[WhiteElo "1613"]
[BlackElo "1700"]
[PlyCount "80"]
[EventDate "2019.08.02"]
[EventType "swiss"]
[EventRounds "9"]
[EventCountry "ESP"]
[SourceTitle "Ajedrez en Madrid"]
[Source "lmi"]
[SourceDate "2020.06.24"]
[SourceVersion "1"]
[SourceVersionDate "2020.06.24"]
[SourceQuality "1"]

1. e4 d6 2. Nf3 g6 3. Bc4 Bg7 4. Ng5 e6 5. d3 h6 6. Nf3 a6 7. O-O Bd7 8. Nc3
Nc6 9. a3 Nf6 10. Re1 O-O 11. Bd2 Nh7 12. Qc1 g5 13. h3 b5 14. Ba2 Ne5 15. Nxe5
Bxe5 16. Ne2 c6 17. c3 d5 18. f4 Bg7 19. fxg5 Nxg5 20. Bb1 f5 21. exf5 exf5 22.
d4 Qf6 23. Nf4 Rae8 24. Bd3 Ne4 25. Rf1 Nxd2 26. Qxd2 Qg5 27. Rf3 Kh8 28. Qf2
Rg8 29. Rg3 Qxg3 30. Qxg3 Bxd4+ 31. Qf2 Bxf2+ 32. Kxf2 Rg5 33. a4 h5 34. axb5
axb5 35. h4 Rg4 36. Nxh5 Rf8 37. Ra7 Rxh4 38. Ng3 f4 39. Rxd7 fxg3+ 40. Kxg3
Rh6 1/2-1/2

[Event "La Pobla de Lillet op"]
[Site "La Pobla de Lillet ESP"]
[Date "2019.08.06"]
[Round "5.10"]
[White "Simon del Sol, J."]
[Black "Srdoc, N."]
[Result "1/2-1/2"]
[WhiteElo "2032"]
[BlackElo "1925"]
[PlyCount "95"]
[EventDate "2019.08.02"]
[EventType "swiss"]
[EventRounds "9"]
[EventCountry "ESP"]
[SourceTitle "Ajedrez en Madrid"]
[Source "lmi"]
[SourceDate "2020.06.24"]
[SourceVersion "1"]
[SourceVersionDate "2020.06.24"]
[SourceQuality "1"]

1. c4 e5 2. g3 d6 3. Bg2 Nc6 4. Nc3 g6 5. e3 Bg7 6. Nge2 Nge7 7. O-O O-O 8. b3
Be6 9. Ba3 Qd7 10. Nd5 f5 11. Rc1 e4 12. Nef4 Bxd5 13. cxd5 Ne5 14. d4 Ng4 15.
Qe2 Bh6 16. f3 Bxf4 17. exf4 exf3 18. Bxf3 Nf6 19. Qe6+ Qxe6 20. dxe6 Ned5 21.
Rfe1 Rfe8 22. Rc2 Re7 23. Rce2 Rae8 24. Kf1 Nc3 25. Rc2 Ncd5 26. Rce2 Nc3 27.
Rc2 Nce4 28. Bxe4 fxe4 29. h3 Nd5 30. Rxe4 Rxe6 31. Rxe6 Rxe6 32. Kf2 Kf7 33.
Bc1 Re4 34. Rc4 b5 35. Kf3 Re1 36. Rc2 Ke6 37. Bd2 Rh1 38. Kg2 Rd1 39. Kf3 h5
40. h4 Kd7 41. Kg2 b4 42. Kf2 Nc3 43. Bxc3 bxc3 44. Ke2 Rg1 45. Kf3 Rd1 46. Ke3
Rg1 47. Kf3 Rd1 48. Ke3 1/2-1/2

[Event "La Pobla de Lillet op"]
[Site "La Pobla de Lillet ESP"]
[Date "2019.08.06"]
[Round "5.12"]
[White "Garcia Galeote, L."]
[Black "Barcelo Sola, D."]
[Result "0-1"]
[WhiteElo "1849"]
[BlackElo "2029"]
[PlyCount "126"]
[EventDate "2019.08.02"]
[EventType "swiss"]
[EventRounds "9"]
[EventCountry "ESP"]
[SourceTitle "Ajedrez en Madrid"]
[Source "lmi"]
[SourceDate "2020.06.24"]
[SourceVersion "1"]
[SourceVersionDate "2020.06.24"]
[SourceQuality "1"]

1. d4 d5 2. Nf3 Nf6 3. e3 e6 4. Bd3 c5 5. c3 Nc6 6. O-O Bd6 7. Nbd2 O-O 8. dxc5
Bxc5 9. e4 Qc7 10. exd5 exd5 11. Nb3 Bb6 12. Be2 h6 13. Nbd4 Re8 14. Re1 Bg4
15. Be3 a6 16. Nc2 Rad8 17. Bxb6 Qxb6 18. Ne3 Bxf3 19. Bxf3 Qxb2 20. Qb3 Qxb3
21. axb3 Ne5 22. Be2 Ne4 23. f4 Ng6 24. g3 Nxg3 25. Bf3 Ne4 26. Nxd5 Nd2 27.
Bg2 Nxb3 28. Rxe8+ Rxe8 29. Rb1 Nc5 30. Kf2 b5 31. Ra1 Rd8 32. Kg3 f5 33. Rd1
Kf8 34. Re1 Ne4+ 35. Bxe4 fxe4 36. Nc7 Rd3+ 37. Kg4 Rxc3 38. Ne6+ Kf7 39. Rxe4
Rd3 40. f5 Nf8 41. Nc7 Rc3 42. Nxa6 Rc4 43. Kf4 Rxe4+ 44. Kxe4 Nd7 45. Kd5 Kf6
46. Kc6 Ne5+ 47. Kxb5 Kxf5 48. Kc5 Nf3 49. h3 h5 50. Nc7 Ng5 51. Ne8 g6 52. Kd4
Nxh3 53. Ke3 g5 54. Kf3 g4+ 55. Kg3 Kg5 56. Nd6 h4+ 57. Kh2 Nf4 58. Nf7+ Kh5
59. Ne5 g3+ 60. Kg1 h3 61. Nf3 Kg4 62. Ne1 Ne2+ 63. Kh1 Nd4 0-1

[Event "La Pobla de Lillet op"]
[Site "La Pobla de Lillet ESP"]
[Date "2019.08.07"]
[Round "6.1"]
[White "Marin Aso, JL."]
[Black "Camprubi Juanola, J."]
[Result "1-0"]
[WhiteElo "1908"]
[BlackElo "1553"]
[PlyCount "83"]
[EventDate "2019.08.02"]
[EventType "swiss"]
[EventRounds "9"]
[EventCountry "ESP"]
[SourceTitle "Ajedrez en Madrid"]
[Source "lmi"]
[SourceDate "2020.06.24"]
[SourceVersion "1"]
[SourceVersionDate "2020.06.24"]
[SourceQuality "1"]

1. c4 g6 2. Nc3 Bg7 3. g3 d6 4. Bg2 c6 5. d3 e5 6. Rb1 Nf6 7. Nf3 O-O 8. O-O
Bg4 9. b4 Bxf3 10. Bxf3 Nbd7 11. b5 Qc7 12. Bd2 Rab8 13. Qc2 Nb6 14. Rfc1 Nfd7
15. e3 Kh8 16. a4 Nc8 17. a5 Ne7 18. a6 bxa6 19. bxc6 Nb6 20. Nd5 Qxc6 21. Rxb6
axb6 22. Bg2 Nxd5 23. Bxd5 Qc7 24. Qa4 a5 25. Rb1 f5 26. Bc3 g5 27. Qa1 f4 28.
exf4 gxf4 29. Kg2 fxg3 30. hxg3 Rf6 31. f3 Rh6 32. Be4 Qa7 33. Bd2 Re6 34. Rh1
h6 35. Qc1 Qc7 36. Bxh6 Rxh6 37. Rxh6+ Bxh6 38. Qxh6+ Kg8 39. Bd5+ Qf7 40. Qg6+
Kh8 41. Bxf7 a4 42. Qh6# 1-0

[Event "La Pobla de Lillet op"]
[Site "La Pobla de Lillet ESP"]
[Date "2019.08.07"]
[Round "6.2"]
[White "Cervello Tost, R."]
[Black "Cervello Tost, F."]
[Result "0-1"]
[WhiteElo "2041"]
[BlackElo "2367"]
[PlyCount "90"]
[EventDate "2019.08.02"]
[EventType "swiss"]
[EventRounds "9"]
[EventCountry "ESP"]
[SourceTitle "Ajedrez en Madrid"]
[Source "lmi"]
[SourceDate "2020.06.24"]
[SourceVersion "1"]
[SourceVersionDate "2020.06.24"]
[SourceQuality "1"]

1. e4 g6 2. d4 Bg7 3. Nc3 c6 4. f4 d5 5. e5 h5 6. Nf3 Nh6 7. Be3 Bg4 8. h3 Nf5
9. Bf2 Bxf3 10. Qxf3 h4 11. Bd3 e6 12. O-O Nd7 13. Ne2 Bf8 14. c3 c5 15. dxc5
Bxc5 16. Bxf5 gxf5 17. Nd4 Bxd4 18. Bxd4 Kf8 19. a4 Kg7 20. Kh2 Rh6 21. Rg1 Rg6
22. g4 hxg3+ 23. Rxg3 Qe7 24. Rxg6+ fxg6 25. Rg1 Rh8 26. Rg5 Nc5 27. Bxc5 Qxc5
28. Rg2 Qe7 29. Qg3 Rh6 30. Qe3 b6 31. Qf3 Qd7 32. b3 Kf7 33. Rd2 Rh8 34. c4 d4
35. Qf2 g5 36. Rxd4 Qe7 37. Qd2 Kg6 38. Rd6 g4 39. Qd5 Rxh3+ 40. Kg2 Kh5 41.
Qa8 Rxb3 42. Kf2 Rf3+ 43. Ke2 Kh4 44. Qh8+ Kg3 45. Qh1 Kxf4 0-1

[Event "La Pobla de Lillet op"]
[Site "La Pobla de Lillet ESP"]
[Date "2019.08.07"]
[Round "6.2"]
[White "Puig Carres, J."]
[Black "Taltavull Hidalgo, A."]
[Result "1-0"]
[WhiteElo "1673"]
[BlackElo "1648"]
[PlyCount "75"]
[EventDate "2019.08.02"]
[EventType "swiss"]
[EventRounds "9"]
[EventCountry "ESP"]
[SourceTitle "Ajedrez en Madrid"]
[Source "lmi"]
[SourceDate "2020.06.24"]
[SourceVersion "1"]
[SourceVersionDate "2020.06.24"]
[SourceQuality "1"]

1. c4 c5 2. g3 g6 3. Bg2 Bg7 4. Nc3 Nf6 5. Nf3 O-O 6. O-O Nc6 7. d3 b6 8. a3
Bb7 9. Rb1 Rb8 10. b4 a6 11. bxc5 bxc5 12. Be3 d6 13. Na4 Nd7 14. Bh3 e6 15.
Bf4 e5 16. Bg5 f6 17. Bd2 f5 18. Ng5 Qe7 19. Bg2 f4 20. Bd5+ Kh8 21. Ne6 Rf6
22. Nxg7 Kxg7 23. Rxb7 Rxb7 24. Bxc6 Rb8 25. Nc3 Nb6 26. Ne4 Rf7 27. Ba5 Rc8
28. Bxb6 Rxc6 29. Ba5 h6 30. Nc3 Qe6 31. Kg2 h5 32. Ne4 Qf5 33. Qa4 f3+ 34.
exf3 Qxf3+ 35. Kg1 Rf5 36. Qxc6 h4 37. Qd7+ Kh6 38. Bd2+ 1-0

[Event "La Pobla de Lillet op"]
[Site "La Pobla de Lillet ESP"]
[Date "2019.08.07"]
[Round "6.3"]
[White "Gomez Jurado, LA."]
[Black "Bravo Barranco, N."]
[Result "1-0"]
[WhiteElo "2293"]
[BlackElo "2246"]
[PlyCount "69"]
[EventDate "2019.08.02"]
[EventType "swiss"]
[EventRounds "9"]
[EventCountry "ESP"]
[SourceTitle "Ajedrez en Madrid"]
[Source "lmi"]
[SourceDate "2020.06.24"]
[SourceVersion "1"]
[SourceVersionDate "2020.06.24"]
[SourceQuality "1"]

1. Nf3 d5 2. c4 c6 3. g3 Nf6 4. Bg2 g6 5. b3 Bg7 6. Bb2 O-O 7. O-O Qb6 8. Qc2
Bg4 9. d3 Bxf3 10. Bxf3 d4 11. Nd2 c5 12. b4 Nc6 13. bxc5 Qxc5 14. Nb3 Qd6 15.
c5 Qd7 16. Bxc6 bxc6 17. Bxd4 Rab8 18. Bxf6 Bxf6 19. d4 h5 20. Rad1 h4 21. e4
e6 22. e5 Bg5 23. f4 Be7 24. Qe4 Rfc8 25. gxh4 Qd5 26. Qxd5 exd5 27. h5 gxh5
28. f5 Kh7 29. e6 Rg8+ 30. Kh1 fxe6 31. fxe6 Rg7 32. Rf7 Rb4 33. Rxg7+ Kxg7 34.
Na5 Ra4 35. Nxc6 1-0